Normal view
MARC view
- ZEESHAN ALI AKBAR
Entry Personal Name
001 - CONTROL NUMBER
- control field: 70347
003 - CONTROL NUMBER IDENTIFIER
- control field: NUST
005 - DATE AND TIME OF LATEST TRANSACTION
- control field: 20210628204433.0
008 - FIXED-LENGTH DATA ELEMENTS
- fixed length control field: 210628|| aca||aabn | a|a d
040 ## - CATALOGING SOURCE
- Original cataloging agency: NUST
- Transcribing agency: NUST
100 ## - HEADING--PERSONAL NAME
- Personal name: ZEESHAN ALI AKBAR
670 ## - SOURCE DATA FOUND
- Source citation: Work cat.: (NUST): ZEESHAN ALI AKBAR, TH-SOF-1707-Modeling and Control of an Automotive Driveline, 2019
